000 00418nam a22001457a 4500
020 _a9783030071196
040 _cNUST
082 _a671.35 KIS
100 _aKishawy, Hossam A
_999959
110 _aHosseini, Ali
_999960
245 _aMachining Difficult-To-Cut Materials :
_bBasic Principles and Challenges
260 _aSwitzerland:
_bSpringer,
_c2019.
650 _aMachining.NUSTTB2022
_9102822
942 _2ddc
_cBK
999 _c591703
_d591703